[Event "Moscow ACF Botvinnik Memorial"]
[Site "Moscow"]
[Date "2017.11.06"]
[Round "8"]
[White "Barmagambetov, Meyrzhan"]
[Black "Boltaev, Sardor"]
[Result "1-0"]
[WhiteElo "1998"]
[BlackElo "1840"]
[PlyCount "123"]
[EventDate "2017.11.02"]
[EventType "tourn"]
[EventRounds "11"]
[EventCountry "RUS"]
[SourceTitle "CBM 181 Extra"]
[Source "ChessBase"]
[SourceDate "2017.12.12"]
[SourceVersion "1"]
[SourceVersionDate "2017.12.12"]
[SourceQuality "1"]

1. e4 c5 2. Nf3 Nc6 3. d4 cxd4 4. Nxd4 g6 5. c4 Bg7 6. Be3 Nf6 7. Nc3 d6 8. Be2 0-0 9. 0-0 Bd7 10. Rb1 Nxd4 11. Bxd4 Bc6 12. f3 Nd7 13. Bxg7 Kxg7 14. b4 b6 15. Qd4+ f6 16. f4 Rc8 17. Rbd1 Qc7 18. h4 Rfd8 19. Nd5 Bxd5 20. exd5 b5 21. Qe4 Kf8 22. cxb5 f5 23. Qd4 Qb6 24. a4 Rc2 25. Rf2 Nf6 26. Bf3 Rdc8 27. Qxb6 axb6 28. Rxc2 Rxc2 29. Ra1 Rc7 30. a5 Ke8 31. a6 Rc8 32. Kh2 h5 33. Kg3 Kd7 34. Kf2 Kd8 35. Ke3 Kd7 36. Kd4 Kd8 37. Be2 Kd7 38. Ra3 Ke8 39. Bd3 Kd7 40. Bb1 Ke8 41. Ba2 Nd7 42. Rg3 Kf7 43. Rc3 Ra8 44. Bb1 Ke8 45. Rg3 Kf7 46. Re3 Rc8 47. Rc3 Ra8 48. Rc7 Rd8 49. Ke3 Nf6 50. Rb7 Nd7 51. a7 Ke8 52. g4 hxg4 53. h5 gxh5 54. Bxf5 Nf6 55. Rb8 Nxd5+ 56. Kf2 Nc7 57. Bg6+ Kd7 58. Bxh5 Na8 59. Rb7+ Kc8 60. Rxe7 Rg8 61. Bf7 Rf8 62. Kg3 1-0

[Event "Moscow ACF Botvinnik Memorial"]
[Site "Moscow"]
[Date "2017.11.04"]
[Round "5"]
[White "Boltaev, Sardor"]
[Black "Sharifov, Mekhriddin"]
[Result "1/2-1/2"]
[WhiteElo "1840"]
[BlackElo "1518"]
[PlyCount "116"]
[EventDate "2017.11.02"]
[EventType "tourn"]
[EventRounds "11"]
[EventCountry "RUS"]
[SourceTitle "CBM 181 Extra"]
[Source "ChessBase"]
[SourceDate "2017.12.12"]
[SourceVersion "1"]
[SourceVersionDate "2017.12.12"]
[SourceQuality "1"]

1. d4 e6 2. c4 f5 3. Nf3 Nf6 4. g3 b6 5. Bg2 Bb7 6. 0-0 d5 7. Qc2 Ne4 8. b3 Bd6 9. Ba3 Bxa3 10. Nxa3 c6 11. Rac1 Nd7 12. Qb2 0-0 13. Nc2 Qe7 14. Nce1 Rac8 15. Nd3 Rf6 16. Rc2 Rh6 17. Qc1 Qe8 18. Qe3 Qf7 19. Rfc1 Qe7 20. h4 Rf6 21. Bh3 Rff8 22. Kg2 Qd6 23. Qf4 Qxf4 24. Nxf4 Rce8 25. cxd5 exd5 26. e3 c5 27. Kg1 Rf6 28. g4 g6 29. Rd1 b5 30. dxc5 Ndxc5 31. gxf5 gxf5 32. Nxd5 Rd6 33. Nc3 Rg6+ 34. Ng5 h6 35. Ncxe4 Nxe4 36. Rc7 Nxg5 37. Bxf5 Nf3+ 38. Kf1 Nh2+ 39. Ke1 Rg1+ 40. Kd2 Rd8+ 41. Bd7 Nf3+ 42. Ke2 Rxd1 43. Kxd1 Ne5 44. Rxb7 Rxd7+ 45. Rxd7 Nxd7 46. Kc2 Nf6 47. Kc3 h5 48. Kb4 Nd5+ 49. Kxb5 Ne7 50. Ka6 Nf5 51. Kxa7 Nxh4 52. b4 Nf5 53. b5 Ne7 54. b6 h4 55. b7 Nc6+ 56. Kb6 Nb8 57. Kc7 Na6+ 58. Kb6 Nb8 1/2-1/2